000 00694nam a2200229Ia 4500
003 OSt
005 20220927112118.0
006 a|||||r|||| 00| 0
007 ta
008 220926b |||||||| |||| 00| 0 eng d
024 _a107711
037 _cReports
040 _aRTL
_cRTL
_beng
041 _2eng
_aeng
082 _a"X9(M13).2.N44t, H6"
111 _aPaper Board And Chemical Gotton Industries (Panel on-) (Chairman : M L Narasimiengar) (1944 : India)
_9383126
245 0 _aReport
260 _aDelhi
_bManager Of Publication India
_c1946
650 _aUseful Art
_9383127
942 _h"X9(M13).2.N44t, H6"
_cCC
999 _c699814
_d699814